02359cam a2200349 4500008004100000020001500041035001200056100003100068245011700099250001100216260006100227300003500288500001800323506001900341504004400360651006300404700002500467700003400492700003200526942001300558999001700571952014200588952014200730952014200872952014201014952014201156952014201298952014201440952014201582952014201724952014301866031205t19851985caua gr 000 0 eng u a0804720681 aa4337981 a Ricketts, Edward Flanders10aBetween Pacific tides / c Edward F. Ricketts, Jack Calvin, and Joel W. Hedgpeth ; revised by David W. Phillips. a5a ed. aStanford, Calif. : b Stanford University Press, cc1985 axxvi, 652 p. : bil. ; c24 cm a10 ejemplares aRec Fomes 2001 aBibliografía: p. [593]-609 e índice 7aOceano Pacífico (E.E.U.U) xInvertebrados marinos 2Lemb1 aCalvin, Jack, coaut.1 aHedgpeth, Joel Walker, coaut.1 a Phillips, David W., coaut. 2lcccLIB c90409d90409 102lcc4078aLIC-032bLIC-032cGENERALd2016-01-29f5a. ed.iCBAkCNEoQL138 R52 1985pBFB000003892r2016-01-29 00:00:00tC:1v1.00yLIB 102lcc4070aLIC-032bLIC-032cGENERALd2016-01-29f5a. ed.iCBAkCNEoQL138 R52 1985pBFB000003893r2016-01-29 00:00:00tC:2v1.00yLIB 102lcc4070aLIC-032bLIC-032cGENERALd2016-01-29f5a. ed.iCBAkCNEoQL138 R52 1985pBFB000003894r2016-01-29 00:00:00tC:3v1.00yLIB 102lcc4070aLIC-032bLIC-032cGENERALd2016-08-12f5a. ed.iCBAkCNEoQL138 R52 1985pBFB000005454r2016-08-12 00:00:00tC:4v1.00yLIB 102lcc4070aLIC-032bLIC-032cGENERALd2016-08-12f5a. ed.iCBAkCNEoQL138 R52 1985pBFB000005455r2016-08-12 00:00:00tC:5v1.00yLIB 102lcc4170aLIC-032bLIC-032cGENERALd2016-08-12f5a. ed.iCBAkCNEoQL138 R52 1985pBFB000005456r2016-08-12 00:00:00tC:6v1.00yLIB 102lcc4170aLIC-032bLIC-032cGENERALd2016-08-12f5a. ed.iCBAkCNEoQL138 R52 1985pBFB000005457r2016-08-12 00:00:00tC:7v1.00yLIB 102lcc4170aLIC-032bLIC-032cGENERALd2016-08-12f5a. ed.iCBAkCNEoQL138 R52 1985pBFB000005458r2016-08-12 00:00:00tC:8v1.00yLIB 102lcc4170aLIC-032bLIC-032cGENERALd2016-08-12f5a. ed.iCBAkCNEoQL138 R52 1985pBFB000005459r2016-08-12 00:00:00tC:9v1.00yLIB 102lcc4170aLIC-032bLIC-032cGENERALd2016-08-12f5a. ed.iCBAkCNEoQL138 R52 1985pBFB000005460r2016-08-12 00:00:00tC:10v1.00yLIB